| Tag |
First Indicator |
Second Indicator |
Subfields |
| LEADER |
00000cam a2200000Ia 4500 |
| 001 |
in00004531021 |
| 005 |
20191205081809.0 |
| 008 |
780128s1976 xx af bm 000 0 ger |
| 016 |
7 |
|
|a 760693145
|2 DE-101
|
| 029 |
1 |
|
|a HEBIS
|b 07304122X
|
| 029 |
1 |
|
|a DEBBG
|b BV007375662
|
| 029 |
1 |
|
|a GEBAY
|b 5436117
|
| 035 |
|
|
|a (OCoLC)ocm03586568
|
| 035 |
|
|
|a (OCoLC)3586568
|
| 035 |
|
|
|z (UtOrBLW)63613
|
| 035 |
|
|
|a 90973
|
| 040 |
|
|
|a AGL
|b eng
|c AGL
|d CUX
|d HEBIS
|d UtOrBLW
|
| 049 |
|
|
|a TMVM
|
| 100 |
1 |
|
|a Arenz, Rainer,
|d 1943-
|
| 242 |
1 |
0 |
|a Comparative study of different chemical fixation for electron microscopic illustration of parapox virus ovis in cell culture.
|y eng
|
| 245 |
1 |
0 |
|a Vergleichende Untersuchung verschiedener chemischer Fixierungen für die elektronenmikroskopische Darstellung des Parapoxvirus ovis in der Zellkultur /
|c eingereicht von Rainer Arenz.
|
| 264 |
|
1 |
|a [Place of publication not identified] :
|b [publisher not identified],
|c 1976.
|
| 300 |
|
|
|a 111 pages, 2 unnumbered pages of plates :
|b illustrations (some color) ;
|c 21 cm.
|
| 336 |
|
|
|a text
|2 rdacontent
|b txt
|
| 337 |
|
|
|a unmediated
|2 rdamedia
|
| 338 |
|
|
|a volume
|2 rdacarrier
|b nc
|
| 502 |
|
|
|b doctoral
|c Justus Liebig-Universität zu Giessen
|d 1976.
|
| 504 |
|
|
|a Includes bibliographical references (pages 92-111).
|
| 500 |
|
|
|a Vita.
|
| 650 |
|
2 |
|a Parapoxvirus
|x ultrastructure.
|
| 650 |
|
2 |
|a Microscopy, Electron
|x veterinary.
|
| 994 |
|
|
|a C0
|b TMV
|
| 999 |
|
|
|a MARS
|
| 999 |
f |
f |
|s 082b982e-d7a0-3052-aa6a-f5cbd173de94
|i c2f081f8-ae50-3ea9-9ba7-0c300bd8802f
|t 0
|
| 952 |
f |
f |
|p preservation
|a Texas A&M University
|b J.J. Pickle Campus
|c High Density Repository
|d Remote Storage
|t 0
|e German dissertations
|h Other scheme
|i unmediated -- volume
|m 323890246097A
|
| 998 |
f |
f |
|a German dissertations
|t 0
|l Remote Storage
|